Falošná stopa [záhadný prípad komisára Wallandera]

Bibliographic Details
Main Author: Mankell, Henning, 1948-2015 (Author)
Other Authors: Zelizňák, Jozef (Translator)
Format: Book
Language:Slovak
Swedish
PhysicalDescription:429 s. 21 cm
Published: Bratislava Marenčin PT 2012
ISBN:9788081141096
Edition:1. vyd.
Subjects:

MARC

LEADER 00000cam a2200000 a 4500
001 vtls010424274
003 SK-MaSNL
005 20260301214118.0
008 240315s2012 xo g 000 f slo
015 |a SNBA2013 
020 |a 9788081141096  |q (viaz.) 
035 |a 5DFBDF03-ED4A-4BF6-9B6C-6D6642863F56 
035 |a urn:nbn:sk:snk-amlgji 
035 |a urn:nbn:sk:snk-am0093wi 
040 |a SNK  |b slo  |c SNK  |e AACR2 
041 1 |a slo  |h swe 
044 |a xo  |c SK 
072 7 |a 821.11  |x Germánske literatúry  |2 konspekt 
080 |a 821.113.6-31  |2 2001 
080 |a (0:82-312.4)  |2 2001 
100 1 |a Mankell, Henning,  |d 1948-2015  |4 aut  |9 162322 
240 1 0 |a Villospar  |l Slovensky 
245 1 0 |a Falošná stopa  |b [záhadný prípad komisára Wallandera]  |c Henning Mankell ; [zo švédskeho originálu preložil Jozef Zelizňák] 
250 |a 1. vyd. 
260 |a Bratislava  |b Marenčin PT  |c 2012 
300 |a 429 s.  |c 21 cm 
655 7 |a švédske romány  |2 SNKPH  |9 70708 
655 7 |a detektívne romány  |2 SNKPH  |9 70455 
655 7 |a Swedish fiction  |2 SNKPHeng  |9 280059 
655 7 |a Detective novels  |2 SNKPHeng  |9 121444 
700 1 |a Zelizňák, Jozef  |4 trl  |9 9898 
919 |a 978-80-8114-109-6 
958 |a LX 
958 |a UP 
968 |b SVE 
999 |c 923765  |d 925695 
952 |a SNK  |b SNK  |y PREZ  |7 0  |p 17A1056986  |o snkSC 152012  |i snk2012/23825  |8 0  |0 0  |1 0  |4 0  |d 2012-11-20  |f 1  |l 0  |r 2025-07-22 00:00:00  |w 2026-02-24 
952 |a SNK  |b SNK  |y PREZ  |7 0  |p 17A1058528  |o snkSC 152012 D1  |i snk2013/38  |8 0  |0 0  |1 0  |4 0  |d 2013-01-02  |l 0  |r 2026-02-24 08:23:42  |w 2026-02-24